| 000 | 00890nam a22002897a 4500 | ||
|---|---|---|---|
| 003 | CHAP | ||
| 005 | 20220329134835.0 | ||
| 008 | 971013s1979 r 00010 d | ||
| 010 | _a26789 | ||
| 011 | _a27761 | ||
| 035 | _a31862 | ||
| 040 | _cCHAP | ||
| 082 |
_a668.33 _bI5 |
||
| 110 |
_aInstituto Mexicano de Comercio Exterior _959249 |
||
| 245 | _aPastas alimenticias en los Estados Unidos de América | ||
| 260 |
_aLos Angeles, Cal. : _bEl Instituto, _c1979 |
||
| 300 | _a93 p | ||
| 490 |
_aInforme de mercadeo _v; 246/79 |
||
| 590 |
_aBATCH-UPD _b10 _c20130110 _lUCH01 _h1149 |
||
| 590 |
_aCONVERSION _b10 _c20130109 _lUCH01 _h1315 |
||
| 650 | 1 | 4 |
_aAlimentos _xMercadeo. _94245 |
| 650 | 1 | 4 |
_aPastas alimenticias. _985906 |
| 830 | 0 |
_aInforme de mercadeo _v; 246/79 _958125 |
|
| 901 | _aBK | ||
| 942 | _cLIBRO | ||
| 949 |
_a668.33 I5 _bBC _cLIBRO _d33724000145926 _eLIBRO _h54865 _i31862 _si |
||
| 999 |
_c26789 _d26789 |
||